Llwytho...

Kaalidasante kadha /

Manylion Llyfryddiaeth
Prif Awdur: Sreedharan, Perumbhadavam
Fformat: Printed Book
Iaith:Malayalam
Cyhoeddwyd: Sahitya Pravarthaka Sahakarana Sangam , 1968.
LEADER 00443nam a2200133Ia 4500
008 150624b xxu||||| |||| 00| | mal d
100 |a Sreedharan, Perumbhadavam 
245 |c Perumbhadavam Sreedharan  |a Kaalidasante kadha / 
260 |b Sahitya Pravarthaka Sahakarana Sangam ,  |c 1968. 
300 |a 28 p. 
546 |a In Malayalam. 
942 |c BK 
999 |c 72737  |d 72737 
952 |0 1  |1 0  |4 0  |7 0  |9 72683  |a UL  |b UL  |c ST1  |d 1998-09-15  |l 0  |p 6861  |r 2012-10-27  |w 2012-10-27  |y BK